Statistics for Camouflaged Capital Cities in Reverse #2

Click here to take the quiz!

General Stats

  • This quiz has been taken 27 times
  • The average score is 6 of 10

Answer Stats

HintCapital% Correct
This feels less urban than other cities in FranceBrussels
88%
With a beard, I can really picture you as SantaNassau
69%
As mayor, I accept your resignation with regretCairo
69%
I really got a bargain at the flea market todayRabat
69%
What a real knave Reynaldo turned out to be!Yerevan
63%
Apart from some jetlag I really feel quite good!Riga
56%
This morning I got up a minute before sevenMaputo
50%
On this fresh day I really want to go for a swimRiyadh
38%
I eat rye mainly because I can't stand white breadNiamey
31%
Be sure to send the demo to a software companySão Tomé
25%

Score Distribution

Percentile by Number Answered

Percent of People with Each Score

Your Score History

You have not taken this quiz